Países menores que a cidade de São Paulo em área - Statistics

Estatísticas Gerais
  • Esse quiz foi jogado 154 vezes
  • A pontuação média é 16 de 25
Estatísticas das Respostas
Países % Correto
Vaticano
96%
Mônaco
86%
Andorra
80%
San Marino
80%
Liechtenstein
71%
São Cristóvão e Neves
68%
São Vicente e Granadinas
68%
Tuvalu
68%
Nauru
67%
Santa Lucia
66%
Ilhas Marshall
63%
Malta
63%
Singapura
62%
Barbados
61%
Palau
61%
Tonga
61%
Granada
59%
Antígua e Barbuda
58%
São Tomé e Principe
58%
Kiribati
57%
Seychelles
56%
Dominica
55%
Estados Federativos da Micronésia
55%
Maldivas
50%
Bahrein
47%
Nenhum quiz correspondente encontrado
Distribuição das Pontuações
Porcentagem de Pessoas com Cada Pontuação
Percentil de Números Respondidos
Sua Pontuação Histórica
Você não jogou esse quiz